| 000 | 01002nam a22002777a 4500 | ||
|---|---|---|---|
| 001 | 636 | ||
| 005 | 20230627111701.0 | ||
| 008 | 230627b cb ||||| |||| 00| 0 eng d | ||
| 020 | _a9780531246771 (library binding) | ||
| 020 | _a9780531282717 (pbk.) | ||
| 040 |
_aDLC _cDLC _dDLC _beng |
||
| 050 | 0 | 0 |
_aGB662.T393 _b.T393 2012 |
| 082 | 0 | 0 |
_a551.48 _223 |
| 100 | 1 | _aTaylor-Butler, Christine. | |
| 245 | 1 | 0 |
_aHydrology the study of water / _cChristine Taylor-Butler. |
| 260 |
_aNew York : _bScholastic ; _c2012. |
||
| 300 |
_a48 pages : _bcolor illustrations ; _c22 cm. |
||
| 490 | 0 | _aA true book | |
| 505 | _aM | ||
| 520 | _aExplains what hydrology is, shows the impact of water on human history, and looks at water's role in climate, the water cycle, and the role of hydrology in the contemporary world. | ||
| 521 |
_a790
_bLexile |
||
| 521 |
_aM
_bRaz-Plus |
||
| 650 | 0 |
_aHydrology _vJuvenile literature. |
|
| 906 |
_a7 _bcbc _corignew _d1 _eecip _f20 _gy-gencatlg |
||
| 942 |
_2ddc _cBK _n0 |
||
| 999 |
_c636 _d636 |
||